The hunger games. Mockingjay, Part I / directed by ... Read More
Available copies
- 1 of 2 copies available at LARL/NWRL Consortium.
Current holds
0 current holds with 2 total copies.
Show Only Available Copies
| Location | Call Number / Copy Notes | Barcode | Shelving Location | Status | Due Date |
|---|---|---|---|---|---|
| Godel Memorial-Warren Library | DVD HUN (Text) | 35500006380883 | Main | In transit | - |
| Grygla LINK Site | DVD HUN (Text) | 35500006372401 | Main | Available | - |
Record details
- Physical Description: 1 videodisc (approximately 123 min.) : sound, ... Read More
- Edition: Widescreen.
- Publisher: Santa Monica, California : Lionsgate, [2015]
Content descriptions
| General Note: | Based on the novel "Mockingjay" by Suzanne Collins. Originally released as a motion picture in 2014. Special features: Insurgent - sneak peek; Audio commentary with director Francis Lawrence and ... Read More |
| Creation/Production Credits Note: | Director of photography, Jo Willems ; production ... Read More |
| Participant or Performer Note: | Jennifer Lawrence, Josh Hutcherson, Liam ... Read More |
| Summary, etc.: | Katniss Everdeen, girl on fire, has survived. She ... Read More |
| Target Audience Note: | MPAA rating: PG-13; for intense sequences of ... Read More |
| System Details Note: | DVD, region 1, widescreen (2.40:1 ; 16x9) ... Read More |
| Language Note: | In English or dubbed Spanish; optional English or ... Read More |
| Source of Description Note: | Title from disc surface. |
Search for related items by subject
| Subject: | Contests > Drama. Survival > Drama. Insurgency > Drama. Interpersonal relations > Drama. Reality television programs > Drama. Girls > Drama. Courage > Drama. Dissenters > Drama. Revolutions > Drama. |
Search for related items by series
| LDR | 07352cgm a2201333Ii 4500 | ||
|---|---|---|---|
| 001 | 175619 | ||
| 003 | LARL_NWRL_CONSORTIUM | ||
| 005 | 20190924161555.0 | ||
| 007 | vd cvaizq | ||
| 008 | 150126p20152014cau123 vleng d | ||
| 024 | 1 | . | ‡a031398206507 |
| 028 | 4 | 2. | ‡a46274 ‡bLionsgate |
| 035 | . | ‡a(OCoLC)900739299 | |
| 037 | . | ‡bMidwest Tape ‡nhttp://www.midwesttapes.com | |
| 040 | . | ‡aTEFMT ‡beng ‡erda ‡cTEFMT ‡dOCLCO ‡dTEF ‡dBDX ‡dOCLCA ‡dGK8 ‡dIK2 ‡dPX0 | |
| 041 | 1 | . | ‡aeng ‡aspa ‡jspa ‡jeng ‡heng |
| 082 | 0 | 4. | ‡a791.43/72 ‡223 |
| 245 | 1 | 4. | ‡aThe hunger games. ‡pMockingjay, ‡nPart I / ‡cdirected by Francis Lawrence ; screenplay by Peter Craig and Danny Strong ; adaptation by Suzanne Collins ; produced by Nina Jacobson, Jon Kilik ; executive producers, Suzanne Collins, Jan Foster, Joe Drake, Allison Shearmur ; a Lionsgate presentation ; a Color Force/Lionsgate Production. |
| 246 | 3 | . | ‡aMocking jay, ‡nPart 1 |
| 246 | 3 | . | ‡aMockingjay, ‡nPart I |
| 246 | 3 | . | ‡aMockingjay, ‡nPart 1 |
| 246 | 3 | . | ‡aMockingjay, ‡nPart one |
| 246 | 3 | . | ‡aHunger games 3 |
| 246 | 3 | . | ‡aHunger games three |
| 250 | . | ‡aWidescreen. | |
| 257 | . | ‡aUnited States. ‡2naf | |
| 260 | . | ‡aSanta Monica, California : ‡bLionsgate, ‡c[2015] | |
| 260 | . | ‡c©2015 | |
| 300 | . | ‡a1 videodisc (approximately 123 min.) : ‡bsound, color ; ‡c4 3/4 in. | |
| 336 | . | ‡atwo-dimensional moving image ‡btdi ‡2rdacontent | |
| 337 | . | ‡avideo ‡bv ‡2rdamedia | |
| 338 | . | ‡avideodisc ‡bvd ‡2rdacarrier | |
| 344 | . | ‡adigital ‡boptical ‡gsurround ‡hDolby Digital 5.1 ‡2rda | |
| 344 | . | ‡adigital ‡boptical ‡gsurround ‡hDolby Digital 2.0 ‡2rda | |
| 345 | . | ‡awidescreen (2.40:1) ‡b24 fps ‡2rda | |
| 346 | . | ‡bNTSC ‡2rda | |
| 347 | . | ‡avideo file ‡bDVD video ‡eregion 1 ‡2rda | |
| 380 | . | ‡aMotion picture | |
| 490 | 0 | . | ‡aHunger games |
| 538 | . | ‡aDVD, region 1, widescreen (2.40:1 ; 16x9) presentation; 5.1 Dolby Digital; 2.0 Dolby Digital optimized for late-night listening. | |
| 546 | . | ‡aIn English or dubbed Spanish; optional English or Spanish subtitles; closed-captioned; English descriptive audio track for people with visual disabilities. | |
| 588 | 0 | . | ‡aTitle from disc surface. |
| 511 | 1 | . | ‡aJennifer Lawrence, Josh Hutcherson, Liam Hemsworth, Woody Harrelson, Elizabeth Banks, Julianne Moore, Philip Seymour Hoffman, Jeffrey Wright, Stanley Tucci, Donald Sutherland, Sam Claflin, Jena Malone. |
| 508 | . | ‡aDirector of photography, Jo Willems ; production designer, Philip Messina ; editor, Alan Edward Bell, Mark Yoshikawa ; costume designer, Kurt and Bart ; music by James Newton Howard. | |
| 500 | . | ‡aBased on the novel "Mockingjay" by Suzanne Collins. | |
| 500 | . | ‡aOriginally released as a motion picture in 2014. | |
| 521 | 8 | . | ‡aMPAA rating: PG-13; for intense sequences of violence and action, some disturbing images, and thematic material. |
| 520 | . | ‡aKatniss Everdeen, girl on fire, has survived. She awakens from the cruel and haunting Quarter Quell deep inside the bunkered catacombs of District 13. Separated from some of her closest allies and fearing for their safety in the Capitol, Katniss finally agrees to be the Mockingjay, the symbolic leader of the rebellion. Still uncertain as to whom she can trust, Katniss must help 13 rise from the shadows, all the while knowing that President Snow has focused his hatred into a personal vendetta against her - and her loved ones. | |
| 500 | . | ‡aSpecial features: Insurgent - sneak peek; Audio commentary with director Francis Lawrence and producer Nina Jacobson; Deleted scenes. | |
| 650 | 0. | ‡aContests ‡vDrama. | |
| 650 | 0. | ‡aSurvival ‡vDrama. | |
| 650 | 0. | ‡aInsurgency ‡vDrama. | |
| 650 | 0. | ‡aInterpersonal relations ‡vDrama. ‡0(LARL_NWRL_CONSORTIUM)165335 | |
| 650 | 0. | ‡aReality television programs ‡vDrama. | |
| 650 | 0. | ‡aGirls ‡vDrama. ‡0(LARL_NWRL_CONSORTIUM)165488 | |
| 650 | 0. | ‡aCourage ‡vDrama. | |
| 650 | 0. | ‡aDissenters ‡vDrama. | |
| 650 | 0. | ‡aRevolutions ‡vDrama. | |
| 655 | 7. | ‡aDystopian films. ‡2lcgft ‡0(LARL_NWRL_CONSORTIUM)175750 | |
| 655 | 7. | ‡aAction and adventure films. ‡2lcgft ‡0(LARL_NWRL_CONSORTIUM)175617 | |
| 655 | 7. | ‡aScience fiction films. ‡2lcgft ‡0(LARL_NWRL_CONSORTIUM)175747 | |
| 655 | 7. | ‡aFilm adaptations. ‡2lcgft ‡0(LARL_NWRL_CONSORTIUM)175712 | |
| 655 | 7. | ‡aFeature films. ‡2lcgft ‡0(LARL_NWRL_CONSORTIUM)175625 | |
| 655 | 7. | ‡aFiction films. ‡2lcgft ‡0(LARL_NWRL_CONSORTIUM)175626 | |
| 655 | 7. | ‡aVideo recordings for the hearing impaired. ‡2lcgft ‡0(LARL_NWRL_CONSORTIUM)175744 | |
| 655 | 7. | ‡aVideo recordings for people with visual disabilities. ‡2lcgft ‡0(LARL_NWRL_CONSORTIUM)175745 | |
| 700 | 1 | . | ‡aLawrence, Francis, ‡efilm director. ‡0(LARL_NWRL_CONSORTIUM)207360 |
| 700 | 1 | . | ‡aCraig, Peter, ‡d1969- ‡escreenwriter. |
| 700 | 1 | . | ‡aStrong, Danny, ‡d1974- ‡escreenwriter. ‡0(LARL_NWRL_CONSORTIUM)207171 |
| 700 | 1 | . | ‡aJacobson, Nina, ‡efilm producer. ‡0(LARL_NWRL_CONSORTIUM)218413 |
| 700 | 1 | . | ‡aKilik, Jon, ‡efilm producer. ‡0(LARL_NWRL_CONSORTIUM)142232 |
| 700 | 1 | . | ‡aCollins, Suzanne, ‡efilm producer. ‡0(LARL_NWRL_CONSORTIUM)110456 |
| 700 | 1 | . | ‡aFoster, Jan, ‡efilm producer. |
| 700 | 1 | . | ‡aDrake, Joe, ‡efilm producer. |
| 700 | 1 | . | ‡aShearmur, Allison, ‡efilm producer. |
| 700 | 1 | . | ‡aLawrence, Jennifer, ‡d1990- ‡eactor. |
| 700 | 1 | . | ‡aHutcherson, Josh, ‡eactor. ‡0(LARL_NWRL_CONSORTIUM)210761 |
| 700 | 1 | . | ‡aHemsworth, Liam, ‡d1990- ‡eactor. ‡0(LARL_NWRL_CONSORTIUM)218488 |
| 700 | 1 | . | ‡aHarrelson, Woody, ‡eactor. ‡0(LARL_NWRL_CONSORTIUM)139984 |
| 700 | 1 | . | ‡aBanks, Elizabeth, ‡d1974- ‡eactor. ‡0(LARL_NWRL_CONSORTIUM)149730 |
| 700 | 1 | . | ‡aMoore, Julianne, ‡eactor. ‡0(LARL_NWRL_CONSORTIUM)142031 |
| 700 | 1 | . | ‡aHoffman, Philip Seymour, ‡d1967-2014, ‡eactor. |
| 700 | 1 | . | ‡aWright, Jeffrey, ‡eactor. ‡0(LARL_NWRL_CONSORTIUM)146302 |
| 700 | 1 | . | ‡aTucci, Stanley, ‡eactor. ‡0(LARL_NWRL_CONSORTIUM)140594 |
| 700 | 1 | . | ‡eactor. ‡aSutherland, Donald, ‡d1935- ‡0(LARL_NWRL_CONSORTIUM)85090 |
| 700 | 1 | . | ‡aClaflin, Sam, ‡d1986- ‡eactor. |
| 700 | 1 | . | ‡aMalone, Jena, ‡d1984- ‡eactor. ‡0(LARL_NWRL_CONSORTIUM)136393 |
| 700 | 1 | . | ‡aWillems, Jo ‡c(Cinematographer), ‡ecinematographer. |
| 700 | 1 | . | ‡aMessina, Philip, ‡eproduction designer. ‡0(LARL_NWRL_CONSORTIUM)149524 |
| 700 | 1 | . | ‡aBell, Alan Edward, ‡efilm editor. ‡0(LARL_NWRL_CONSORTIUM)210078 |
| 700 | 1 | . | ‡aYoshikawa, Mark, ‡efilm editor. |
| 700 | 1 | . | ‡aMueller, Bart, ‡ecostume designer. |
| 700 | 1 | . | ‡aSwanson, Kurt, ‡ecostume designer. |
| 700 | 1 | . | ‡aHoward, James Newton, ‡ecomposer (expression) ‡0(LARL_NWRL_CONSORTIUM)102797 |
| 700 | 1 | . | ‡iMotion picture adaptation of (work): ‡aCollins, Suzanne. ‡tMockingjay. |
| 710 | 2 | . | ‡aLions Gate Entertainment (Firm), ‡epresenter, ‡eproduction company, ‡efilm distributor. |
| 710 | 2 | . | ‡aColor Force (Firm), ‡eproduction company. ‡0(LARL_NWRL_CONSORTIUM)218391 |
| 901 | . | ‡a175619 ‡bOCLC ‡c175619 ‡tbiblio | |

Add to basket
Permalink
Disable Highlighting